Calciatori francesi nella Squadra della stagione dell'Europa League - Statistics

Statistiche generali
  • Questo quiz è stato fatto 2 volte
  • Il punteggio medio è 7 su 17
Statistiche sulle risposte
Numero apparizioni Edizioni apparizioni Squadra Calciatore % Corretto
1 2021-2022 Red Bull Lipsia Christopher Nkunku
100%
1 2018-2019 Chelsea Olivier Giroud
100%
2 2016-2017; 2020-2021 Manchester Utd Paul Pogba
100%
1 2017-2018 Atletico Madrid Antoine Griezmann
50%
1 2016-2017 Olympique Lione Corentin Tolisso
50%
1 2017-2018 Olympique Marsiglia Dimitri Payet
50%
1 2019-2020 Siviglia Jules Koundé
50%
1 2015-2016 Siviglia Kevin Gameiro
50%
1 2018-2019 Arsenal Laurent Koscielny
50%
1 2018-2019 Chelsea N'Golo Kanté
50%
1 2015-2016 Siviglia Adil Rami
0%
1 2016-2017 Olympique Lione Alexandre Lacazette
0%
1 2013-2014 Porto Eliaquim Mangala
0%
1 2020-2021 Villarreal Étienne Capoue
0%
1 2016-2017 Olympique Lione Jérémy Morel
0%
1 2015-2016 Siviglia Steven N'Zonzi
0%
1 2014-2015 Siviglia Timothée Kolodziejczak
0%
Nessun quiz corrispondente trovato
Distribuzione punteggi
Percentuale di utenti per punteggio
Percentile per numero di risposta
I tuoi punteggi nel tempo
Non hai fatto questo quiz